Zvíře nadržené /

Hlavní autor: Uzel, Radim, 1940-2022
Jazyk: Čeština
Vydáno: Praha : Epocha, 2020
Vydání: První vydání
Témata:
Fyzický popis: 128 stran : ilustrace ; 21 cm
Knihy
Uloženo v:
LEADER 01684nam a2200493 i 4500
001 nkc20203177664
003 CZ PrNK
005 20200316091709.0
007 ta
008 200224s2020 xr a e f 000 0 cze
015 |a cnb003177664 
020 |a 978-80-7557-236-3  |q (vázáno) 
035 |a (OCoLC)1199989222 
040 |a OLA001  |b cze  |e rda 
072 7 |a 613  |x Hygiena. Lidské zdraví  |2 Konspekt  |9 14 
080 |a 613.88  |2 MRF 
080 |a 159.923-021.411  |2 MRF 
080 |a 177.6  |2 MRF 
080 |a (0.062)  |2 MRF 
100 1 |a Uzel, Radim,  |d 1940-2022  |7 jk01140932  |4 aut 
245 1 0 |a Zvíře nadržené /  |c Radim Uzel 
250 |a První vydání 
264 1 |a Praha :  |b Epocha,  |c 2020 
300 |a 128 stran :  |b ilustrace ;  |c 21 cm 
336 |a text  |b txt  |2 rdacontent 
337 |a bez média  |b n  |2 rdamedia 
338 |a svazek  |b nc  |2 rdacarrier 
504 |a Obsahuje bibliografii 
650 0 7 |a sexualita  |7 ph116134  |2 czenas 
650 0 7 |a sexuální chování  |7 ph125500  |2 czenas 
650 0 7 |a lidská přirozenost  |7 ph124918  |2 czenas 
650 0 7 |a partnerské vztahy  |7 ph115684  |2 czenas 
650 0 9 |a sexuality  |2 eczenas 
650 0 9 |a sexual behavior  |2 eczenas 
650 0 9 |a human naturalness  |2 eczenas 
650 0 9 |a partner relationships  |2 eczenas 
655 7 |a populárně-naučné publikace  |7 fd131864  |2 czenas 
655 9 |a popular works  |2 eczenas 
910 2 |a BOA001  |b 2-1445.122 
990 |a BK 
995 |a 01 
991 |b 202003  |c NOV 
996 6 |b 2610816683  |c 2-1445.122  |l MZK  |r Sklad / do 1 hodiny  |n 1  |p p.v.  |w 001784497  |u 000010  |a 1  |e BOA001  |j MZK50  |s P 
996 7 |b 2610817467  |c 2-1445.122  |l Vol.výběr  |r VV 0p  |n 4  |p kup  |h 613.88 UZE  |w 001784497  |u 000020  |a 0  |e BOA001  |j MZK50  |s A